[Event "ICS rated standard match"]
[Site "freechess.org"]
[Date "2005.03.27"]
[Round "?"]
[White "Andrzej"]
[Black "pengbo"]
[Result "1-0"]
[WhiteElo "1841"]
[BlackElo "1699"]
[PlyCount "73"]

1. e4 e5 2. Nf3 Nc6 3. Bc4 Bc5 4. c3 d6 5. d4 Bb6 6. dxe5 dxe5 7. Qxd8+ Kxd8 8.
Bxf7 Nh6 9. Bg5+ Kd7 10. Bd5 Kd6 11. Na3 Bg4 12. Nc4+ Kc5 13. b4+ Nxb4 14.
cxb4+ Kxb4 15. Nfxe5 c6 16. Nxb6 axb6 17. Bb3 Bh5 18. O-O Rhe8 19. Bd2+ Kb5 20.
a4+ Kc5 21. Nd7+ Kd4 22. Nxb6 Rad8 23. Rfe1 Rxe4 24. Rxe4+ Kxe4 25. Bxh6 gxh6
26. Re1+ Kd4 27. f3 Kc3 28. Be6 Re8 29. Kf2 Kd2 30. Nc4+ Kc3 31. Nd6 Re7 32. g4
Bg6 33. f4 Bc2 34. a5 Kb4 35. f5 Kxa5 36. f6 Rc7 37. f7 {pengbo resigns} 1-0

[Event "ICS rated standard match"]
[Site "freechess.org"]
[Date "2005.03.27"]
[Round "?"]
[White "GIBBO"]
[Black "Andrzej"]
[Result "1/2-1/2"]
[WhiteElo "1870"]
[BlackElo "1889"]
[PlyCount "120"]

1. c4 c5 2. Nf3 Nf6 3. Nc3 Nc6 4. d4 e6 5. a3 d5 6. cxd5 Nxd5 7. g3 cxd4 8.
Nxd4 Nxc3 9. bxc3 Bc5 10. e3 O-O 11. Bg2 Qc7 12. O-O Rd8 13. Qe2 e5 14. Nb5 Qb6
15. c4 a6 16. Nc3 Be6 17. Nd5 Bxd5 18. cxd5 Ne7 19. Rd1 Rd6 20. a4 Rad8 21. e4
Bd4 22. Ra2 f5 23. a5 Qc7 24. Ba3 fxe4 25. Bxd6 Qxd6 26. Qxe4 Nxd5 27. Rxd4
exd4 28. Qxd4 Nb4 29. Qxd6 Rxd6 30. Rb2 Rd1+ 31. Bf1 Nc6 32. Rxb7 Nxa5 33. Ra7
Nb3 34. Kg2 a5 35. Bc4+ Kf8 36. Bxb3 Ra1 37. Rf7+ Ke8 38. Rxg7 a4 39. Bxa4+
Rxa4 40. Rxh7 Kf8 41. Rb7 Kg8 42. h4 Kf8 43. Kf3 Kg8 44. h5 Kf8 45. g4 Kg8 46.
Kg3 Kh8 47. f4 Kg8 48. Kh4 Ra5 49. h6 Kh8 50. g5 Kg8 51. Kh5 Ra6 52. h7+ Kh8
53. f5 Rh6+ 54. Kg4 Rh4+ 55. Kf3 Rf4+ 56. Ke3 Re4+ 57. Kd3 Re3+ 58. Kd4 Re4+
59. Kd5 Re5+ 60. Kd6 60... Rxf5 {Game drawn by mutual agreement} 1/2-1/2

[Event "ICS rated standard match"]
[Site "freechess.org"]
[Date "2005.03.29"]
[Round "?"]
[White "Psychojonesy"]
[Black "Andrzej"]
[Result "0-1"]
[WhiteElo "1989"]
[BlackElo "1985"]
[PlyCount "96"]

1. e4 e6 2. d4 d5 3. Nc3 dxe4 4. Nxe4 Nf6 5. Nxf6+ gxf6 6. c3 Nc6 7. Nf3 a6 8.
g3 b6 9. Bg2 Bb7 10. Qe2 Qd7 11. O-O O-O-O 12. b4 h5 13. a4 Bh6 14. b5 Nb8 15.
c4 a5 16. c5 Bd5 17. cxb6 cxb6 18. Be3 Bxe3 19. fxe3 Kb7 20. Rac1 Rc8 21. e4
Bb3 22. Nd2 Qxd4+ 23. Kh1 Bxa4 24. Rxc8 Rxc8 25. Rxf6 Rc1+ 26. Nf1 Nd7 27. e5+
Kc7 28. Rxf7 Rb1 29. Bc6 Bxb5 30. Bxb5 Qd5+ 31. Kg1 Rxb5 32. Ne3 Qxe5 33. Qc4+
Rc5 34. Qd3 Qd6 35. Qa6 Rc1+ 36. Kg2 Qd2+ 37. Kh3 Kc6 38. Qc8+ Kb5 39. Qxd7+
Qxd7 40. Rxd7 a4 41. Ra7 Kb4 42. g4 hxg4+ 43. Kxg4 a3 44. h4 Kb3 45. h5 a2 46.
Nc2 Rxc2 47. h6 Rh2 48. h7 48... Kb2 {Psychojonesy resigns} 0-1

[Event "ICS rated standard match"]
[Site "freechess.org"]
[Date "2005.03.30"]
[Round "?"]
[White "Andrzej"]
[Black "knightchaser"]
[Result "1/2-1/2"]
[WhiteElo "1999"]
[BlackElo "1959"]
[PlyCount "104"]

1. e4 Nc6 2. d4 e5 3. d5 Nce7 4. Nf3 Ng6 5. h3 Nf6 6. Bd3 Bc5 7. O-O d6 8. Nc3
a6 9. Nh2 h6 10. Kh1 Nh4 11. Nf3 Nxf3 12. Qxf3 g5 13. g4 Ng8 14. Ne2 Bd7 15.
Ng3 Ne7 16. Nh5 Ng6 17. Ng7+ Ke7 18. Nh5 Kf8 19. a3 Nf4 20. Bxf4 gxf4 21. Rg1
Qh4 22. Rg2 Rg8 23. Be2 Ke7 24. b4 Bb6 25. Rc1 Rg5 26. c4 Bd4 27. c5 Rag8 28.
cxd6+ Kxd6 29. Nf6 R8g6 30. Nxd7 Kxd7 31. Kh2 h5 32. Rcg1 hxg4 33. Rxg4 Rxg4
34. Rxg4 Qxf2+ 35. Qxf2 Bxf2 36. Kg2 Bd4 37. Kf3 Bb2 38. a4 Ba3 39. b5 Rxg4 40.
Kxg4 axb5 41. axb5 Ke7 42. Kf5 Bd6 43. h4 Kf8 44. h5 Kg7 45. Kg5 Be7+ 46. Kg4
Kh6 47. Kf5 Bd6 48. Kf6 b6 49. Kxf7 Kh7 50. Bg4 Kh8 51. Kg6 Bf8 52. h6 52...
Kg8 {Game drawn by mutual agreement} 1/2-1/2

[Event "ICS rated standard match"]
[Site "freechess.org"]
[Date "2005.03.29"]
[Round "?"]
[White "hersco"]
[Black "Andrzej"]
[Result "1/2-1/2"]
[WhiteElo "1919"]
[BlackElo "2003"]
[PlyCount "124"]

1. e4 e6 2. d3 d5 3. Nd2 dxe4 4. Nxe4 Nf6 5. Bg5 Be7 6. Nxf6+ Bxf6 7. Bxf6 Qxf6
8. c3 O-O 9. Qf3 Nd7 10. d4 Qxf3 11. Nxf3 b6 12. Bd3 Bb7 13. Ke2 c5 14. Rhg1
cxd4 15. Nxd4 Ne5 16. Rad1 Nxd3 17. Kxd3 Rad8 18. Kc2 Be4+ 19. Kc1 e5 20. f3
Bd5 21. Nb3 f6 22. Rd2 Bxb3 23. axb3 Rxd2 24. Kxd2 Rd8+ 25. Kc2 Kf7 26. Ra1 Rd7
27. Rd1 Re7 28. c4 Ke6 29. Kc3 f5 30. b4 e4 31. fxe4 fxe4 32. b5 Ke5 33. b4 Kf4
34. c5 bxc5 35. bxc5 e3 36. Re1 Ke4 37. Kc4 Re8 38. c6 Rc8 39. Ra1 Rc7 40. Ra2
Rf7 41. Kc3 g5 42. Ra4+ Kd5 43. Kd3 Re7 44. Ke2 Kc5 45. Rg4 h6 46. h4 Kxb5 47.
hxg5 hxg5 48. Rxg5+ Kxc6 49. Ra5 Kb6 50. Ra3 a5 51. g4 Rg7 52. Kxe3 Rxg4 53.
Kd2 Rc4 54. Kd3 Rc8 55. Rb3+ Ka6 56. Rc3 Rd8+ 57. Kc2 a4 58. Kb2 Kb5 59. Ka3
Rd2 60. Rh3 Rd4 61. Rh5+ Ka6 62. Rg5 62... Kb6 {Game drawn by mutual agreement}
1/2-1/2

[Event "ICS rated blitz match"]
[Site "freechess.org"]
[Date "2005.04.04"]
[Round "?"]
[White "Andrzej"]
[Black "dfgordon"]
[Result "1-0"]
[WhiteElo "1698"]
[BlackElo "1895"]
[PlyCount "65"]

1. e4 c5 2. g3 Nc6 3. Bg2 g6 4. f4 Bg7 5. Nf3 e6 6. O-O Nge7 7. d3 O-O 8. g4 f5
9. gxf5 gxf5 10. e5 Kh8 11. Kh1 b6 12. Ng5 Qe8 13. Rg1 Bb7 14. Nc3 Rg8 15. Be3
Na5 16. Bxb7 Nxb7 17. Rg2 Nc6 18. Qf3 Qe7 19. Rag1 Bh6 20. Qh5 Bxg5 21. Rxg5
Rxg5 22. Rxg5 Rg8 23. Rxg8+ Kxg8 24. Bf2 Nb4 25. Bh4 Qf7 26. Qg5+ Qg6 27. Qe7
Nxc2 28. Qxd7 Ne3 29. Qxb7 Qg4 30. Bf6 h5 31. Qc8+ Kh7 32. Qh8+ Kg6 33. Qg7# {
dfgordon checkmated} 1-0

[Event "ICS rated blitz match"]
[Site "freechess.org"]
[Date "2005.04.04"]
[Round "?"]
[White "Diepeveen"]
[Black "Andrzej"]
[Result "1-0"]
[WhiteElo "2110"]
[BlackElo "1717"]
[PlyCount "59"]

1. e4 e6 2. d4 d5 3. Nc3 dxe4 4. Nxe4 Nf6 5. Nxf6+ gxf6 6. Nf3 Nc6 7. g3 b6 8.
Bg2 Bb7 9. O-O Qd7 10. Be3 O-O-O 11. a4 h5 12. h4 Bd6 13. a5 Nxa5 14. Rxa5 bxa5
15. c4 Bb4 16. Qc2 Rhg8 17. Rc1 Kb8 18. Kh2 Rc8 19. d5 exd5 20. cxd5 Bxd5 21.
Rd1 Qc6 22. Qf5 Be4 23. Nd4 Qa4 24. Qxe4 c6 25. b3 Qa2 26. Bf4+ Kb7 27. Nxc6
Qxf2 28. Nxb4+ Kb6 29. Qb7+ Kc5 30. Bd6# {Andrzej checkmated} 1-0

[Event "ICS rated standard match"]
[Site "freechess.org"]
[Date "2005.05.15"]
[Round "?"]
[White "Andrzej"]
[Black "elektroz"]
[Result "1-0"]
[WhiteElo "1994"]
[BlackElo "1914"]
[PlyCount "67"]

1. e4 c5 2. Nc3 Nc6 3. g3 g6 4. Bg2 Bg7 5. f4 d6 6. Nf3 Nh6 7. O-O f5 8. d3 O-O
9. Ng5 Nf7 10. exf5 Nxg5 11. fxg5 Bxf5 12. Ne2 Qd7 13. Nf4 Nd4 14. c3 Bg4 15.
Qd2 e5 16. cxd4 exf4 17. gxf4 Bxd4+ 18. Kh1 Bh3 19. Bd5+ Kh8 20. Re1 Qg4 21. b4
Rae8 22. Bb2 Qf5 23. Bxd4+ cxd4 24. Rxe8 Rxe8 25. Be4 Qb5 26. Qb2 Qb6 27. Rc1
Bg4 28. h3 Bf5 29. Bxf5 gxf5 30. Kh2 Re3 31. Rc8+ Kg7 32. Qc2 Re7 33. Qc4 a5
34. Rg8# {elektroz checkmated} 1-0

[Event "ICS Rated standard match"]
[Site "freechess.org"]
[Date "2005.06.03"]
[Round "?"]
[White "skzap"]
[Black "Andrzej"]
[Result "0-1"]
[WhiteElo "2116"]
[BlackElo "2008"]
[PlyCount "142"]

1. e4 e6 2. Nc3 d5 3. exd5 exd5 4. d4 Nf6 5. Nf3 Bd6 6. Be2 O-O 7. O-O c6 8.
Bg5 Bg4 9. Ne5 Bxe2 10. Qxe2 Re8 11. f4 Nbd7 12. Rae1 Qc7 13. Qf3 h6 14. Bh4
Bb4 15. g4 Bxc3 16. bxc3 Ne4 17. g5 hxg5 18. fxg5 Nxe5 19. dxe5 Rxe5 20. Kh1
Rae8 21. Qh5 g6 22. Qg4 Nxc3 23. Bg3 Rxe1 24. Bxc7 Rxf1+ 25. Kg2 Rfe1 26. Bg3
R1e2+ 27. Kf1 Rxc2 28. Qd7 Rc1+ 29. Kg2 Re2+ 30. Kh3 Rcc2 31. Qd8+ Kg7 32. Qf6+
Kg8 33. Be5 Re3+ 34. Bg3 Ne4 35. Qd8+ Kg7 36. Kg4 Nxg3 37. Qf6+ Kg8 38. hxg3
Rcc3 39. Qd8+ Kh7 40. Qf8 Rxg3+ 41. Kf4 Rcf3+ 42. Ke5 Rxg5+ 43. Kd6 Rgf5 44.
Qe7 Rf6+ 45. Kc7 d4 46. Qe2 d3 47. Qh2+ Kg7 48. Kxb7 Rf2 49. Qg1 d2 50. Qd1 Re6
51. Qg1 Re1 52. Qxf2 d1=Q 53. Qxa7 Qb1+ 54. Kxc6 Rc1+ 55. Kd5 Rd1+ 56. Kc6 Qc2+
57. Qc5 Qxc5+ 58. Kxc5 Ra1 59. a3 Rxa3 60. Kb4 Rd3 61. Kc4 Rd7 62. Kc5 f5 63.
Kc6 Rd1 64. Kc5 f4 65. Kc4 f3 66. Kc3 f2 67. Kc2 Rd8 68. Kc3 f1=Q 69. Kb4 Qc1
70. Kb5 Rb8+ 71. Ka4 71... Qa1# {skzap checkmated} 0-1